LEADER 01114nam0-2200361---450- 001 990009447780403321 005 20111011113728.0 035 $a000944778 035 $aFED01000944778 035 $a(Aleph)000944778FED01 035 $a000944778 100 $a20111011d19741975km-y0itay50------ba 101 0 $aita 102 $aIT 105 $ay-------001yy 200 1 $aChirurgia ortopedica di Campbell$fa cura di A. H. Crenshaw$gtraduzione dalla 5. ed. americana e revisione a cura dei dott.ri F. Catalano, F. Turbacci$gpresentazione del prof. G. Fineschi 210 $aRoma$cUniverso$d1974-1975 215 $av.$d26 cm 676 $a617.3 700 1$aCampbell,$bWillis C.$0513350 702 1$aCrenshaw,$bAndrew Hoyt 702 1$aCatalano,$bF. 702 1$aTurbacci,$bF. 801 0$aIT$bUNINA$gRICA$2UNIMARC 901 $aBK 912 $a990009447780403321 952 $aF55 (I)$b4442$fDMVCC 952 $aF55 (II)$b4442$fDMVCC 952 $aF55 (III)$b4442$fDMVCC 952 $aF55 (IV)$b4442$fDMVCC 959 $aDMVCC 996 $aChirurgia ortopedica di Campbell$9761690 997 $aUNINA LEADER 00844nam a2200229 i 4500 001 991003817259707536 008 080723s2006 nyua b 001 0 eng 020 $a0415978181 035 $ab13756102-39ule_inst 040 $aDip.to SSC$bita 082 04$a641.59 245 04$aThe Ethnomusicologists' cookbook :$bcomplete meals from around the world /$c[edited by] Sean Williams 260 $aNew York ; $aLondon :$bRoutledge,$cc2006 300 $aviii, 305 p. :$bill. ;$c26 cm 650 4$aCulinaria 700 1 $aWilliams, Sean 907 $a.b13756102$b25-07-08$c23-07-08 912 $a991003817259707536 945 $aLE021 NIB71$g1$i2021000101182$lle021$o-$pE81.16$q-$rl$s- $t0$u0$v0$w0$x0$y.i1481061x$z25-07-08 996 $aEthnomusicologists' cookbook$91226981 997 $aUNISALENTO 998 $ale021$b23-07-08$cm$da $e-$feng$gnyu$h4$i0